Books in Need of a Job! Quiz Stats

 Plays Quiz Updated Nov 25, 2017

Challenge
Share
Tweet
Embed
Score 0/30 Timer 06:00
9 Plays Today
% Correct
Catcher
95.6%
Lord
95.6%
Merchant
92.7%
Doctor
92.3%
Salesman
92%
Tailor
89%
Postman
88.3%
Detective
87%
Worker
85.8%
Prince
83.4%
Thief
82.5%
Usher
79%
Teacher
76.7%
Watchman
76.7%
Iceman
76.6%
% Correct
Artist
76.1%
Sister
72.7%
Writer
71.7%
Hunter
71.3%
Miller
67.9%
Agent
63.1%
Lawyer
55.4%
Sailor
53.9%
Tycoon
53.6%
King
52%
Archbishop
48.3%
Soldier
45.2%
Plowman
40.7%
Butler
38.7%
Nun
21.8%

You're not logged in!

Compare scores with friends on all Sporcle quizzes.
Join for Free
OR
Log In

You Might Also Like...

Show Comments

Extras

Top Quizzes Today


Score Distribution

Your Account Isn't Verified!

In order to create a playlist on Sporcle, you need to verify the email address you used during registration. Go to your Sporcle Settings to finish the process.

Report this User

Report this user for behavior that violates our Community Guidelines.

Details: